Tín ngưỡng thiên hậu ở phố hiến /

保存先:
書誌詳細
第一著者: Phan Thị Hoa Lý.
フォーマット: 論文
言語:Vietnamese
主題:
タグ: タグ追加
タグなし, このレコードへの初めてのタグを付けませんか!
Thư viện lưu trữ: Thư viện Trường Đại học Đà Lạt
LEADER 00746nam a2200265 4500
001 DLU090084473
005 ##20091111
040 # # |a DLU  |b vie 
041 # # |a vie 
044 # # |a vn 
100 # # |a Phan Thị Hoa Lý. 
245 # # |a Tín ngưỡng thiên hậu ở phố hiến /  |c Phan Thị Hoa Lý. 
653 # # |a Kiến trúc tín ngưỡng 
653 # # |a Phố cổ 
653 # # |a Tín ngưỡng 
773 # # |t Văn hóa dân gian  |g Số 4(118), 2008, tr. 44-53 
920 # # |a Phòng Tạp chí -- Trung tâm Thông tin - Thư viện Trường Đại học Đà Lạt 
994 # # |a DLU 
900 # # |a True 
911 # # |a Nguyễn Thị Linh Chi 
925 # # |a G 
926 # # |a A 
927 # # |a BB 
980 # # |a Thư viện Trường Đại học Đà Lạt